| 000 | 00542nam a2200181Ia 4500 | ||
|---|---|---|---|
| 003 | GCL | ||
| 008 | 140319s9999 xx 000 0 eng d | ||
| 020 | _a9773054713 | ||
| 040 |
_aGCL / _cGCL |
||
| 082 | 0 | 4 |
_aCC _b727.6 _bE G |
| 245 | 1 | 0 |
_aTHE GRAND MUSEUM OF EGYPT : _bINTERNATIONAL ARCHITECTURE COMPETITION |
| 260 |
_aالقاهرة : _bTHE EGYPTIAN MINISTRY OF CULTURE ، _c2003 |
||
| 300 |
_a32 CM ؛ _c2 VOL. |
||
| 650 | 0 | 4 | _aMUSEUM - TECHNIQUES |
| 650 | 0 | 4 | _aMUSEUM - ARCHITECTURE |
| 650 | 0 | 4 | _aMUSEUMS OF ART - EGYPT |
| 942 |
_2ddc _cBK |
||
| 999 |
_c7434 _d7434 |
||